Author Caricatures Quiz Stats

 Plays Quiz Updated Mar 11, 2016

Challenge
Share
Tweet
Score 0/20 Timer 05:00
0 Plays Today
% Correct
J. K. Rowling
97.5%
Stephen King
87.5%
Edgar Allan Poe
79.9%
Ernest Hemingway
73.5%
Agatha Christie
73.3%
Lewis Carroll
72.8%
Mary Shelley
69.7%
Oscar Wilde
67.1%
Mark Twain
64.1%
Leo Tolstoy
58.2%
% Correct
Salman Rushdie
56.2%
Harper Lee
55.8%
Franz Kafka
54.5%
Virginia Woolf
52.4%
Charles Dickens
42.3%
Ayn Rand
41%
J. R. R. Tolkien
32.9%
James Joyce
26.4%
George Orwell
23.4%
William Faulkner
18.8%

You're not logged in!

Compare scores with friends on all Sporcle quizzes.
OR
Log In

You Might Also Like...

Show Comments

Extras

Top Quizzes Today


Score Distribution

Your Account Isn't Verified!

In order to create a playlist on Sporcle, you need to verify the email address you used during registration. Go to your Sporcle Settings to finish the process.

Report this User

Report this user for behavior that violates our Community Guidelines.

Details: